[Event "WCO2014"]
[Site "Tromso"]
[Date "2014.08.05"]
[Round "4.42"]
[WhiteID "14317206"]
[White "Latela Kananelo"]
[BlackID "16300599"]
[Black "Ho Jei-Chen"]
[Result "0-1"]
[LiveChessVersion "1.4.3"]
[BlackElo "1808"]
[WhiteElo "1479"]

1. e4 {[%clk 1:30:48]} e6 {[%clk 1:30:45]} 2. d4 {[%clk 1:30:20]} d5
{[%clk 1:30:57]} 3. Nd2 {[%clk 1:28:55]} c5 {[%clk 1:31:10]} 4. c3
{[%clk 1:27:46]} cxd4 {[%clk 1:30:46]} 5. cxd4 {[%clk 1:27:57]} dxe4
{[%clk 1:31:08]} 6. Nxe4 {[%clk 1:28:16]} Bb4+ {[%clk 1:31:25]} 7. Nc3
{[%clk 1:26:28]} Nf6 {[%clk 1:30:47]} 8. Bd3 {[%clk 1:23:36]} O-O
{[%clk 1:29:36]} 9. Nf3 {[%clk 1:23:22]} a6 {[%clk 1:28:36]} 10. O-O
{[%clk 1:22:57]} b5 {[%clk 1:27:20]} 11. Qe2 {[%clk 1:19:39]} Bb7
{[%clk 1:25:01]} 12. Rd1 {[%clk 1:18:57]} Nbd7 {[%clk 1:23:50]} 13. Bg5
{[%clk 1:18:05]} Be7 {[%clk 1:22:22]} 14. Ne5 {[%clk 1:11:39]} Nd5
{[%clk 0:58:05]} 15. Bxe7 {[%clk 1:01:50]} Qxe7 {[%clk 0:57:33]} 16. Nxd5
{[%clk 0:53:28]} Bxd5 {[%clk 0:54:00]} 17. Be4 {[%clk 0:48:27]} Bxe4
{[%clk 0:48:06]} 18. Qxe4 {[%clk 0:48:12]} Nf6 {[%clk 0:48:13]} 19. Qh4
{[%clk 0:44:37]} Nd5 {[%clk 0:47:24]} 20. Qxe7 {[%clk 0:44:25]} Nxe7
{[%clk 0:47:42]} 21. Rac1 {[%clk 0:44:33]} Rac8 {[%clk 0:47:20]} 22. Kf1
{[%clk 0:37:01]} Rfd8 {[%clk 0:43:48]} 23. Rxc8 {[%clk 0:35:18]} Rxc8
{[%clk 0:41:49]} 24. Ke2 {[%clk 0:33:14]} Nd5 {[%clk 0:40:38]} 25. Nd3
{[%clk 0:31:41]} Kf8 {[%clk 0:38:04]} 26. Rc1 {[%clk 0:30:24]} Rxc1
{[%clk 0:33:33]} 27. Nxc1 {[%clk 0:30:41]} Ke7 {[%clk 0:33:07]} 28. Nd3
{[%clk 0:30:53]} a5 {[%clk 0:29:57]} 29. Kd2 {[%clk 0:26:49]} Kd6
{[%clk 0:29:05]} 30. Kc2 {[%clk 0:26:09]} f6 {[%clk 0:26:44]} 31. g3
{[%clk 0:23:21]} Ne7 {[%clk 0:25:29]} 32. Nf4 {[%clk 0:22:36]} g5
{[%clk 0:18:51]} 33. Ne2 {[%clk 0:22:14]} Nc6 {[%clk 0:18:10]} 34. a3
{[%clk 0:20:37]} h5 {[%clk 0:10:52]} 35. Kd3 {[%clk 0:19:09]} Ne7
{[%clk 0:10:31]} 36. Nc3 {[%clk 0:18:44]} Kc6 {[%clk 0:10:41]} 37. h3
{[%clk 0:16:35]} f5 {[%clk 0:10:24]} 38. f3 {[%clk 0:14:58]} Ng6 {[%clk 0:09:53]}
39. Ne2 {[%clk 0:13:04]} Kd5 {[%clk 0:07:14]} 40. b3 {[%clk 0:11:47]} b4
{[%clk 0:04:43]} 41. axb4 {[%clk 0:11:50]} axb4 {[%clk 0:05:08]} 42. f4
{[%clk 0:08:34]} g4 {[%clk 0:15:54]} 43. hxg4 {[%clk 0:34:53]} fxg4
{[%clk 0:15:30]} 44. Kd2 {[%clk 0:31:49]} Ke4 {[%clk 0:15:19]} 45. Ke1
{[%clk 0:28:55]} Ne7 {[%clk 0:15:31]} 46. Kd2 {[%clk 0:28:13]} Nf5
{[%clk 0:15:20]} 47. Ke1 {[%clk 0:26:52]} Nxd4 {[%clk 0:15:34]} 48. Nxd4
{[%clk 0:27:08]} Kxd4 {[%clk 0:15:56]} 49. Kd2 {[%clk 0:27:22]} Ke4
{[%clk 0:16:08]} 50. Ke2 {[%clk 0:27:29]} h4 {[%clk 0:16:22]} 51. gxh4
{[%clk 0:27:54]} Kxf4 {[%clk 0:16:48]} 52. Kf2 {[%clk 0:28:18]} g3+
{[%clk 0:16:25]} 53. Kg2 {[%clk 0:28:44]} Kg4 {[%clk 0:16:44]} 54. h5
{[%clk 0:29:04]} Kxh5 {[%clk 0:17:11]} 55. Kxg3 {[%clk 0:29:17]} Kg5
{[%clk 0:17:29]} 56. Kf3 {[%clk 0:29:15]} Kf5 {[%clk 0:17:51]} 57. Ke3
{[%clk 0:29:40]} Ke5 {[%clk 0:18:18]} 58. Kd3 {[%clk 0:30:04]} Kd5
{[%clk 0:18:44]} 59. Ke3 {[%clk 0:30:16]} e5 {[%clk 0:19:02]} 60. Kd3
{[%clk 0:29:45]} e4+ {[%clk 0:19:27]} 0-1

[Event "WCO2014"]
[Site "Tromso"]
[Date "2014.08.05"]
[Round "4.35"]
[WhiteID "11400064"]
[White "Kumar Manoj"]
[BlackID "10400036"]
[Black "Joseph Elton"]
[Result "1/2-1/2"]
[LiveChessVersion "1.4.3"]
[BlackElo "1779"]
[WhiteElo "1987"]

1. Nf3 {[%clk 1:30:54]} b6 {[%clk 1:30:46]} 2. c4 {[%clk 1:30:54]} Nf6
{[%clk 1:30:46]} 3. Nc3 {[%clk 1:31:14]} Bb7 {[%clk 1:30:58]} 4. d4
{[%clk 1:31:17]} e6 {[%clk 1:31:11]} 5. a3 {[%clk 1:31:37]} d5 {[%clk 1:29:16]}
6. cxd5 {[%clk 1:31:59]} Nxd5 {[%clk 1:29:16]} 7. Qc2 {[%clk 1:32:21]} Be7
{[%clk 1:28:40]} 8. e4 {[%clk 1:32:43]} Nf6 {[%clk 1:28:12]} 9. Bf4
{[%clk 1:25:25]} a6 {[%clk 1:25:01]} 10. Rd1 {[%clk 1:25:14]} O-O
{[%clk 1:20:06]} 11. Bc4 {[%clk 1:22:49]} b5 {[%clk 1:18:40]} 12. Ba2
{[%clk 1:22:50]} b4 {[%clk 1:18:23]} 13. axb4 {[%clk 1:23:15]} Bxb4
{[%clk 1:18:34]} 14. d5 {[%clk 1:04:32]} exd5 {[%clk 0:59:58]} 15. e5
{[%clk 0:56:29]} Ne4 {[%clk 0:55:30]} 16. O-O {[%clk 0:56:42]} Bxc3
{[%clk 0:53:01]} 17. bxc3 {[%clk 0:57:09]} c6 {[%clk 0:52:01]} 18. Rfe1
{[%clk 0:53:07]} Qa5 {[%clk 0:51:32]} 19. Rc1 {[%clk 0:43:15]} Bc8
{[%clk 0:42:07]} 20. Bb1 {[%clk 0:39:51]} Bf5 {[%clk 0:37:25]} 21. Nh4
{[%clk 0:38:08]} Bg6 {[%clk 0:37:05]} 22. Nxg6 {[%clk 0:38:22]} hxg6
{[%clk 0:36:24]} 23. c4 {[%clk 0:36:09]} Nd7 {[%clk 0:34:06]} 24. f3
{[%clk 0:25:07]} Nec5 {[%clk 0:30:39]} 25. Bd2 {[%clk 0:11:09]} Qa4
{[%clk 0:24:20]} 26. Qxa4 {[%clk 0:09:32]} Nxa4 {[%clk 0:24:35]} 27. cxd5
{[%clk 0:09:46]} cxd5 {[%clk 0:24:27]} 28. e6 {[%clk 0:08:36]} fxe6
{[%clk 0:22:58]} 29. Rxe6 {[%clk 0:08:51]} Rf6 {[%clk 0:22:40]} 30. Rxf6
{[%clk 0:07:31]} gxf6 {[%clk 0:22:32]} 31. Bxg6 {[%clk 0:07:49]} Ne5
{[%clk 0:21:26]} 32. Bf5 {[%clk 0:07:56]} Nc4 {[%clk 0:21:34]} 33. Bf4
{[%clk 0:04:47]} Kf7 {[%clk 0:21:20]} 34. h4 {[%clk 0:04:36]} Nc5
{[%clk 0:20:55]} 35. h5 {[%clk 0:04:18]} Ne6 {[%clk 0:20:32]} 36. Bg3
{[%clk 0:02:35]} Ng7 {[%clk 0:20:48]} 37. Bg6+ Kg8 {[%clk 0:11:57]} 38. Bh4
{[%clk 0:02:38]} Rf8 {[%clk 0:12:04]} 39. Re1 {[%clk 0:02:23]} Ne5
{[%clk 0:11:57]} 40. Bxf6 {[%clk 0:01:26]} Nxf3+ {[%clk 0:11:15]} 41. gxf3
{[%clk 0:01:51]} Rxf6 {[%clk 0:11:35]} 42. Kg2 {[%clk 0:01:33]} Ne6
{[%clk 0:10:46]} 43. Kg3 {[%clk 0:01:25]} Nf4 {[%clk 0:07:57]} 44. Re8+
{[%clk 0:28:29]} Kg7 {[%clk 0:38:37]} 45. Rd8 {[%clk 0:27:51]} Nxg6
{[%clk 0:37:45]} 46. hxg6 {[%clk 0:28:18]} Kxg6 {[%clk 0:36:37]} 47. Rxd5
{[%clk 0:28:42]} Rf5 {[%clk 0:34:53]} 48. Rd8 {[%clk 0:28:23]} a5
{[%clk 0:33:49]} 49. Ra8 {[%clk 0:28:45]} Rb5 {[%clk 0:33:48]} 50. Kg4
{[%clk 0:29:05]} Rg5+ {[%clk 0:33:24]} 51. Kf4 {[%clk 0:28:40]} Rb5
{[%clk 0:33:41]} 52. Kg3 {[%clk 0:28:21]} Rg5+ {[%clk 0:33:17]} 53. Kf4
{[%clk 0:27:47]} Rb5 {[%clk 0:33:42]} 54. Ra6+ {[%clk 0:26:49]} Kf7
{[%clk 0:34:04]} 55. Kg4 {[%clk 0:27:11]} Rc5 {[%clk 0:25:41]} 56. f4
{[%clk 0:27:35]} Rb5 {[%clk 0:25:49]} 57. f5 {[%clk 0:27:38]} Rb1
{[%clk 0:26:10]} 58. Ra7+ {[%clk 0:27:05]} Kf6 {[%clk 0:26:29]} 59. Ra6+
{[%clk 0:27:28]} Kf7 {[%clk 0:26:57]} 60. Rxa5 {[%clk 0:27:30]} Rg1+
{[%clk 0:26:46]} 61. Kf3 {[%clk 0:25:06]} Kf6 {[%clk 0:26:10]} 1/2-1/2

[Event "WCO2014"]
[Site "Tromso"]
[Date "2014.08.05"]
[Round "4.34"]
[WhiteID "10400583"]
[White "Moncur Cecil"]
[BlackID "11400153"]
[Black "Sikivou Taione"]
[Result "1/2-1/2"]
[LiveChessVersion "1.4.3"]
[BlackElo "1817"]
[WhiteElo "1689"]

1. d4 {[%clk 1:30:56]} d5 {[%clk 1:30:57]} 2. c4 {[%clk 1:31:15]} c6
{[%clk 1:31:25]} 3. cxd5 {[%clk 1:31:35]} cxd5 {[%clk 1:31:52]} 4. Nf3
{[%clk 1:31:52]} Nc6 {[%clk 1:32:19]} 5. Nc3 {[%clk 1:32:05]} Nf6
{[%clk 1:32:46]} 6. Bf4 {[%clk 1:32:17]} a6 {[%clk 1:31:27]} 7. e3
{[%clk 1:32:23]} Bf5 {[%clk 1:26:15]} 8. Be2 {[%clk 1:32:18]} e6 {[%clk 1:26:40]}
9. Qb3 {[%clk 1:32:20]} Ra7 {[%clk 1:19:31]} 10. Ne5 {[%clk 1:27:21]} Nxe5
{[%clk 1:16:23]} 11. Bxe5 {[%clk 1:26:52]} Be7 {[%clk 1:15:38]} 12. Qa4+
{[%clk 1:25:26]} Kf8 {[%clk 1:14:50]} 13. O-O {[%clk 1:17:06]} Ra8
{[%clk 1:14:49]} 14. Qb3 {[%clk 1:10:01]} b5 {[%clk 1:14:24]} 15. a4
{[%clk 1:09:25]} b4 {[%clk 1:14:06]} 16. Bxf6 {[%clk 1:09:07]} gxf6
{[%clk 1:13:54]} 17. Na2 {[%clk 1:07:03]} Rg8 {[%clk 1:07:50]} 18. Kh1
{[%clk 1:06:34]} Bd6 {[%clk 1:04:46]} 19. f4 {[%clk 1:02:40]} Be4
{[%clk 0:59:38]} 20. Bf3 {[%clk 1:00:30]} f5 {[%clk 0:57:54]} 21. Nc1
{[%clk 0:55:46]} Rc8 {[%clk 0:53:58]} 22. Bxe4 {[%clk 0:55:08]} fxe4
{[%clk 0:54:26]} 23. Ne2 {[%clk 0:54:28]} Rc4 {[%clk 0:51:48]} 24. Qd1
{[%clk 0:52:45]} f5 {[%clk 0:37:35]} 25. b3 {[%clk 0:52:33]} Rc7 {[%clk 0:37:48]}
26. Rc1 {[%clk 0:49:17]} Rgg7 {[%clk 0:32:31]} 27. Qd2 {[%clk 0:47:25]} h5
{[%clk 0:26:23]} 28. Rxc7 Rxc7 {[%clk 0:26:14]} 29. Rc1 {[%clk 0:47:07]} Qc8
{[%clk 0:25:05]} 30. Kg1 {[%clk 0:46:38]} Rxc1+ {[%clk 0:25:10]} 31. Qxc1
{[%clk 0:46:50]} Qxc1+ {[%clk 0:25:36]} 32. Nxc1 {[%clk 0:47:18]} h4
{[%clk 0:25:17]} 33. Ne2 {[%clk 0:47:09]} Kf7 {[%clk 0:25:20]} 34. Kf2
{[%clk 0:45:28]} Kg6 {[%clk 0:25:43]} 35. g3 {[%clk 0:44:14]} Kh5
{[%clk 0:25:31]} 36. Ng1 {[%clk 0:39:13]} Kg4 {[%clk 0:21:47]} 37. Kg2
{[%clk 0:39:20]} Be7 {[%clk 0:22:14]} 38. Nh3 {[%clk 0:39:17]} a5
{[%clk 0:22:00]} 39. Nf2+ {[%clk 0:37:40]} Kh5 {[%clk 0:22:06]} 40. Kh3
{[%clk 0:36:23]} hxg3 {[%clk 0:20:53]} 41. hxg3 {[%clk 0:34:50]} Bf6
{[%clk 0:20:57]} 42. Kg2 {[%clk 0:29:04]} 1/2-1/2

[Event "WCO2014"]
[Site "Tromso"]
[Date "2014.08.05"]
[Round "4.40"]
[WhiteID "10700110"]
[White "Hamperl Fred"]
[BlackID "16000080"]
[Black "Kabera Godfrey"]
[Result "1-0"]
[LiveChessVersion "1.4.3"]
[BlackElo "1909"]
[WhiteElo "2119"]

1. e4 {[%clk 1:30:58]} e6 {[%clk 1:30:49]} 2. d4 {[%clk 1:31:22]} d5
{[%clk 1:31:09]} 3. exd5 {[%clk 1:31:48]} exd5 {[%clk 1:31:35]} 4. c4
{[%clk 1:32:15]} c6 {[%clk 1:28:38]} 5. Nc3 {[%clk 1:32:26]} Nf6 {[%clk 1:28:09]}
6. Bd3 {[%clk 1:32:37]} Be7 {[%clk 1:26:38]} 7. Nge2 {[%clk 1:32:57]} Nbd7
{[%clk 1:23:17]} 8. O-O {[%clk 1:32:29]} dxc4 {[%clk 1:20:42]} 9. Bxc4
{[%clk 1:32:57]} Nb6 {[%clk 1:21:04]} 10. Bb3 {[%clk 1:33:10]} O-O
{[%clk 1:21:18]} 11. Re1 {[%clk 1:31:39]} Bd6 {[%clk 1:21:14]} 12. Qd3
{[%clk 1:20:28]} Re8 {[%clk 1:18:33]} 13. h3 {[%clk 1:09:24]} g6 {[%clk 1:13:22]}
14. Bg5 {[%clk 1:07:21]} Bf5 {[%clk 1:08:27]} 15. Qf3 {[%clk 1:04:32]} Nbd7
{[%clk 1:00:05]} 16. Rad1 {[%clk 1:00:05]} Kg7 {[%clk 0:56:21]} 17. g4
{[%clk 0:54:31]} Be6 {[%clk 0:56:15]} 18. d5 {[%clk 0:53:29]} cxd5
{[%clk 0:56:03]} 19. Nxd5 {[%clk 0:52:30]} Bxd5 {[%clk 0:50:39]} 20. Rxd5
{[%clk 0:46:43]} Re6 {[%clk 0:48:20]} 21. Red1 {[%clk 0:43:30]} Qc7
{[%clk 0:45:29]} 22. Nd4 {[%clk 0:37:53]} Nxd5 {[%clk 0:33:19]} 23. Bxd5
{[%clk 0:38:02]} Rf6 {[%clk 0:21:46]} 24. Bxf6+ {[%clk 0:34:48]} Nxf6
{[%clk 0:22:00]} 25. Bxb7 {[%clk 0:22:54]} Bh2+ {[%clk 0:21:54]} 26. Kg2
{[%clk 0:23:03]} Rd8 {[%clk 0:21:36]} 27. Ne6+ {[%clk 0:15:04]} fxe6
{[%clk 0:21:20]} 28. Rxd8 {[%clk 0:15:29]} Qxd8 {[%clk 0:21:03]} 29. Kxh2
{[%clk 0:15:52]} Qb6 {[%clk 0:20:18]} 30. b3 {[%clk 0:11:23]} h6 {[%clk 0:19:41]}
31. Kg2 {[%clk 0:10:48]} Nd7 {[%clk 0:14:25]} 32. Qc3+ {[%clk 0:08:23]} e5
{[%clk 0:13:34]} 33. Bc8 {[%clk 0:06:45]} Nf6 {[%clk 0:13:06]} 34. a4
{[%clk 0:05:05]} Qd6 {[%clk 0:13:01]} 35. Bb7 {[%clk 0:04:35]} Qb6
{[%clk 0:11:26]} 36. Qc6 {[%clk 0:03:18]} Qxb3 {[%clk 0:10:44]} 37. a5
{[%clk 0:03:04]} e4 {[%clk 0:08:15]} 38. Qc7+ {[%clk 0:02:08]} Qf7
{[%clk 0:07:27]} 39. Qxf7+ {[%clk 0:01:39]} Kxf7 {[%clk 0:07:55]} 40. Kf1
{[%clk 0:01:06]} Ke6 {[%clk 0:08:19]} 41. Ke2 {[%clk 0:00:43]} Ke5
{[%clk 0:08:33]} 42. Ke3 {[%clk 0:29:24]} g5 {[%clk 0:37:15]} 43. a6
{[%clk 0:20:00]} Nd5+ {[%clk 0:14:01]} 44. Bxd5 {[%clk 0:20:20]} Kxd5
{[%clk 0:14:29]} 45. Ke2 {[%clk 0:18:15]} Kc6 {[%clk 0:12:51]} 46. Ke3
{[%clk 0:16:32]} Kb6 {[%clk 0:11:51]} 47. Kxe4 {[%clk 0:16:52]} Kxa6
{[%clk 0:12:19]} 48. f4 {[%clk 0:17:02]} gxf4 {[%clk 0:12:30]} 49. h4
{[%clk 0:17:03]} Kb7 {[%clk 0:12:51]} 50. g5 {[%clk 0:16:25]} hxg5
{[%clk 0:12:21]} 51. h5 {[%clk 0:16:27]} a5 {[%clk 0:09:57]} 52. h6
{[%clk 0:16:51]} Kb6 {[%clk 0:10:21]} 53. h7 {[%clk 0:17:11]} Kb5
{[%clk 0:10:26]} 54. h8=Q {[%clk 0:17:34]} a4 {[%clk 0:10:47]} 55. Qc3
{[%clk 0:17:09]} Kb6 {[%clk 0:10:41]} 56. Qb4+ {[%clk 0:17:30]} Kc6
{[%clk 0:11:09]} 57. Qxa4+ {[%clk 0:17:53]} Kd6 {[%clk 0:11:35]} 58. Qa5
{[%clk 0:18:06]} Kd5+ 1-0

[Event "WCO2014"]
[Site "Tromso"]
[Date "2014.08.05"]
[Round "4.39"]
[WhiteID "16000013"]
[White "Murara Maxence"]
[BlackID "10700099"]
[Black "Rowe Peter"]
[Result "0-1"]
[LiveChessVersion "1.4.3"]
[BlackElo "1976"]
[WhiteElo "1729"]

1. d4 {[%clk 1:30:59]} Nf6 {[%clk 1:30:48]} 2. c4 {[%clk 1:30:09]} c5
{[%clk 1:31:12]} 3. e3 {[%clk 1:27:47]} e6 {[%clk 1:27:31]} 4. d5
{[%clk 1:23:55]} exd5 {[%clk 1:23:57]} 5. cxd5 {[%clk 1:24:16]} d6
{[%clk 1:24:08]} 6. Nc3 {[%clk 1:22:42]} Be7 {[%clk 1:21:48]} 7. Nf3
{[%clk 1:22:02]} Bf5 {[%clk 1:16:08]} 8. Bd3 {[%clk 1:20:58]} Bg6
{[%clk 1:12:54]} 9. Qc2 {[%clk 1:17:53]} Nbd7 {[%clk 1:10:32]} 10. h4
{[%clk 1:09:36]} Bxd3 {[%clk 0:55:29]} 11. Qxd3 {[%clk 1:09:52]} Ng4
{[%clk 0:52:56]} 12. e4 {[%clk 1:05:23]} Bf6 {[%clk 0:46:16]} 13. Bg5
{[%clk 0:56:36]} a6 {[%clk 0:43:29]} 14. a4 {[%clk 0:55:39]} h6 {[%clk 0:40:38]}
15. Bf4 {[%clk 0:54:18]} Qe7 {[%clk 0:33:58]} 16. Nh2 {[%clk 0:39:43]} Nge5
{[%clk 0:28:52]} 17. Qg3 {[%clk 0:35:26]} g5 {[%clk 0:26:01]} 18. hxg5
{[%clk 0:33:35]} hxg5 {[%clk 0:26:06]} 19. Bd2 {[%clk 0:32:24]} Nc4
{[%clk 0:23:26]} 20. O-O-O {[%clk 0:31:58]} Nxd2 {[%clk 0:23:29]} 21. Kxd2
{[%clk 0:29:21]} Be5 {[%clk 0:22:58]} 22. Qf3 {[%clk 0:23:51]} Rxh2
{[%clk 0:20:40]} 23. Rxh2 {[%clk 0:23:58]} Bxh2 {[%clk 0:20:54]} 24. g3
{[%clk 0:24:07]} Ne5 {[%clk 0:18:40]} 25. Qh5 {[%clk 0:23:01]} Qf6
{[%clk 0:17:04]} 26. Qxh2 {[%clk 0:22:42]} Nf3+ {[%clk 0:17:25]} 0-1

[Event "WCO2014"]
[Site "Tromso"]
[Date "2014.08.05"]
[Round "4.36"]
[WhiteID "16600037"]
[White "Montel Jr Cyril Tomas"]
[BlackID "2212552"]
[Black "Huguet Sergio"]
[Result "0-1"]
[LiveChessVersion "1.4.3"]
[BlackElo "2055"]
[WhiteElo "1848"]

1. d4 {[%clk 1:30:53]} Nf6 {[%clk 1:30:36]} 2. c4 {[%clk 1:31:21]} g6
{[%clk 1:30:03]} 3. Nc3 {[%clk 1:31:46]} Bg7 {[%clk 1:29:53]} 4. e4
{[%clk 1:32:14]} d6 {[%clk 1:30:01]} 5. Be3 {[%clk 1:32:14]} O-O {[%clk 1:29:00]}
6. f3 {[%clk 1:31:53]} e5 {[%clk 1:26:34]} 7. d5 {[%clk 1:32:14]} c6
{[%clk 1:25:36]} 8. Bd3 {[%clk 1:29:59]} cxd5 {[%clk 1:24:28]} 9. cxd5
{[%clk 1:30:18]} Nbd7 {[%clk 1:20:24]} 10. Nge2 {[%clk 1:30:08]} Nc5
{[%clk 1:18:49]} 11. O-O {[%clk 1:30:16]} Nxd3 {[%clk 1:13:37]} 12. Qxd3
{[%clk 1:30:44]} Ne8 {[%clk 1:12:09]} 13. Rac1 {[%clk 1:29:21]} f5
{[%clk 1:07:19]} 14. Qd2 {[%clk 1:29:10]} f4 {[%clk 1:05:25]} 15. Bf2
{[%clk 1:29:37]} g5 {[%clk 1:03:48]} 16. h3 {[%clk 1:26:21]} h5 {[%clk 1:00:18]}
17. Qd3 {[%clk 1:09:05]} g4 {[%clk 0:54:34]} 18. hxg4 {[%clk 1:03:21]} hxg4
{[%clk 0:54:34]} 19. fxg4 {[%clk 1:03:30]} Bxg4 {[%clk 0:53:13]} 20. Be1
{[%clk 0:54:18]} Qg5 {[%clk 0:40:06]} 21. Rc2 {[%clk 0:51:32]} a6
{[%clk 0:36:32]} 22. Nb1 {[%clk 0:49:36]} Bh6 {[%clk 0:29:04]} 23. Nd2
{[%clk 0:49:17]} Rf7 {[%clk 0:27:47]} 24. Nf3 {[%clk 0:48:32]} Qh5
{[%clk 0:27:01]} 25. Nh2 {[%clk 0:37:25]} Nf6 {[%clk 0:23:45]} 26. Kh1
{[%clk 0:31:18]} Rh7 {[%clk 0:19:27]} 27. Ng1 {[%clk 0:30:56]} Bd1
{[%clk 0:12:08]} 28. Rcf2 {[%clk 0:27:49]} Ng4 {[%clk 0:11:03]} 29. Nh3
{[%clk 0:23:05]} Nxf2+ {[%clk 0:10:48]} 30. Rxf2 {[%clk 0:23:34]} Bg5
{[%clk 0:09:23]} 31. Nf3 {[%clk 0:22:40]} Bxf3 {[%clk 0:09:10]} 32. Rxf3
{[%clk 0:23:01]} Rc8 {[%clk 0:08:09]} 33. Bc3 {[%clk 0:16:41]} Bh4
{[%clk 0:08:26]} 34. Kg1 {[%clk 0:16:43]} Bg3 {[%clk 0:08:16]} 35. Qd2
{[%clk 0:13:59]} Qg6 {[%clk 0:07:23]} 36. Kf1 {[%clk 0:13:52]} Qxe4
{[%clk 0:05:57]} 37. Qd3 {[%clk 0:09:20]} Qxd3+ {[%clk 0:05:04]} 38. Rxd3
{[%clk 0:09:47]} Rc4 {[%clk 0:03:38]} 39. Ke2 {[%clk 0:07:03]} e4
{[%clk 0:03:29]} 40. Rxg3+ {[%clk 0:04:03]} fxg3 {[%clk 0:03:32]} 41. Ke3
{[%clk 0:03:38]} b5 {[%clk 0:28:34]} 42. a3 {[%clk 0:34:56]} Rxc3+
{[%clk 0:23:03]} 43. bxc3 {[%clk 0:35:19]} Rxh3 {[%clk 0:23:12]} 44. gxh3
{[%clk 0:35:38]} Kg7 {[%clk 0:23:26]} 0-1

[Event "WCO2014"]
[Site "Tromso"]
[Date "2014.08.05"]
[Round "4.35"]
[WhiteID "8400709"]
[White "Gavarrete Nahun"]
[BlackID "16600096"]
[Black "Garcia Bernardo"]
[Result "1-0"]
[LiveChessVersion "1.4.3"]
[BlackElo "1769"]
[WhiteElo "2190"]

1. e4 {[%clk 1:30:55]} c5 {[%clk 1:30:51]} 2. Nf3 {[%clk 1:31:18]} e6
{[%clk 1:31:14]} 3. d4 {[%clk 1:31:27]} cxd4 {[%clk 1:31:31]} 4. Nxd4
{[%clk 1:31:52]} a6 {[%clk 1:31:55]} 5. Nc3 {[%clk 1:32:10]} Qc7 {[%clk 1:32:13]}
6. Bd3 {[%clk 1:32:19]} Nf6 {[%clk 1:32:25]} 7. O-O {[%clk 1:32:36]} Be7
{[%clk 1:32:45]} 8. Kh1 {[%clk 1:32:55]} O-O {[%clk 1:32:52]} 9. f4
{[%clk 1:33:03]} e5 {[%clk 1:32:41]} 10. Nf5 {[%clk 1:33:13]} d6 {[%clk 1:32:13]}
11. fxe5 {[%clk 1:33:29]} dxe5 {[%clk 1:32:23]} 12. Nxe7+ {[%clk 1:33:45]} Qxe7
{[%clk 1:32:45]} 13. Bg5 {[%clk 1:34:09]} Nbd7 {[%clk 1:31:03]} 14. Nd5
{[%clk 1:34:26]} Qd6 {[%clk 1:30:36]} 15. Bxf6 {[%clk 1:34:31]} Nxf6
{[%clk 1:30:53]} 16. Nxf6+ {[%clk 1:34:49]} gxf6 {[%clk 1:30:47]} 17. Qh5
{[%clk 1:35:09]} b5 {[%clk 1:23:49]} 18. Qh6 {[%clk 1:32:14]} Qe6
{[%clk 1:16:34]} 19. Rf3 {[%clk 1:32:16]} Qg4 {[%clk 1:04:02]} 20. Rg3
{[%clk 1:22:25]} Qg6 {[%clk 0:55:53]} 21. Rf1 {[%clk 1:17:29]} Bg4
{[%clk 0:53:56]} 22. Qh4 {[%clk 1:17:49]} Rfd8 {[%clk 0:30:13]} 23. Rxg4
{[%clk 1:15:34]} Rac8 {[%clk 0:20:26]} 24. Rxg6+ {[%clk 1:15:50]} hxg6
{[%clk 0:19:56]} 25. Qxf6 {[%clk 1:16:05]} Rd7 {[%clk 0:20:00]} 26. Qxe5
{[%clk 1:16:25]} Rcc7 {[%clk 0:16:54]} 27. Qf6 {[%clk 1:16:44]} Kh7
{[%clk 0:15:15]} 28. Rf3 {[%clk 1:16:54]} Kg8 {[%clk 0:14:41]} 29. Rh3
{[%clk 1:17:14]} Rxd3 {[%clk 0:15:09]} 30. Rh8# {[%clk 1:17:32]} 1-0

[Event "WCO2014"]
[Site "Tromso"]
[Date "2014.08.05"]
[Round "4.34"]
[WhiteID "16600150"]
[White "Gonzales Dennis"]
[BlackID "8400318"]
[Black "Hernandez Juan Carlos"]
[Result "0-1"]
[LiveChessVersion "1.4.3"]
[BlackElo "1964"]
[WhiteElo "1720"]

1. d4 {[%clk 1:30:53]} Nf6 {[%clk 1:30:17]} 2. c4 {[%clk 1:31:14]} c5
{[%clk 1:30:31]} 3. Nf3 {[%clk 1:31:23]} e6 {[%clk 1:30:42]} 4. Bg5
{[%clk 1:31:32]} cxd4 {[%clk 1:29:06]} 5. Nxd4 {[%clk 1:30:44]} Qa5+
{[%clk 1:28:33]} 6. Bd2 {[%clk 1:26:04]} Qb6 {[%clk 1:23:08]} 7. Nb3
{[%clk 1:24:27]} Ne4 {[%clk 1:22:24]} 8. e3 {[%clk 1:24:27]} Nxd2
{[%clk 1:21:41]} 9. N1xd2 {[%clk 1:23:55]} Nc6 {[%clk 1:14:29]} 10. Be2
{[%clk 1:22:51]} a5 {[%clk 1:13:23]} 11. a4 {[%clk 1:21:22]} Bb4 {[%clk 1:09:55]}
12. Rb1 {[%clk 1:21:06]} O-O {[%clk 1:09:54]} 13. O-O {[%clk 1:21:29]} Rd8
{[%clk 1:06:49]} 14. Qc2 {[%clk 1:20:58]} d5 {[%clk 1:03:28]} 15. c5
{[%clk 1:19:16]} Qc7 {[%clk 1:03:20]} 16. Nf3 {[%clk 1:19:24]} e5
{[%clk 0:59:44]} 17. Rbd1 {[%clk 1:16:34]} g6 {[%clk 0:57:20]} 18. e4
{[%clk 1:13:04]} d4 {[%clk 0:53:32]} 19. Bc4 {[%clk 1:11:27]} Bg4
{[%clk 0:42:31]} 20. Rd3 {[%clk 1:11:05]} Qe7 {[%clk 0:41:25]} 21. Qc1
{[%clk 1:09:50]} Kg7 {[%clk 0:33:31]} 22. h3 {[%clk 0:59:33]} Be6
{[%clk 0:33:44]} 23. Bxe6 {[%clk 0:49:28]} Qxe6 {[%clk 0:34:12]} 24. Ng5
{[%clk 0:44:48]} Qe7 {[%clk 0:33:49]} 25. h4 {[%clk 0:39:43]} h6 {[%clk 0:31:10]}
26. Nf3 {[%clk 0:38:13]} Rac8 {[%clk 0:30:46]} 27. g3 {[%clk 0:32:23]} Nb8
{[%clk 0:27:36]} 28. Nh2 {[%clk 0:29:45]} b6 {[%clk 0:25:03]} 29. Ng4
{[%clk 0:26:46]} h5 {[%clk 0:20:54]} 30. Qh6+ {[%clk 0:25:33]} Kg8
{[%clk 0:21:14]} 31. Nh2 {[%clk 0:23:50]} bxc5 {[%clk 0:19:46]} 32. f4
{[%clk 0:22:56]} c4 {[%clk 0:12:45]} 33. Rdf3 {[%clk 0:21:11]} cxb3
{[%clk 0:11:33]} 34. fxe5 {[%clk 0:18:47]} Rf8 {[%clk 0:08:54]} 35. Rf6
{[%clk 0:18:38]} Qxe5 {[%clk 0:04:38]} 36. R1f4 {[%clk 0:17:56]} Bd2
{[%clk 0:02:29]} 37. Nf3 {[%clk 0:00:50]} Bxf4 {[%clk 0:02:22]} 0-1

[Event "WCO2014"]
[Site "Tromso"]
[Date "2014.08.05"]
[Round "4.33"]
[WhiteID "8400490"]
[White "Deras Flores Rodolfo"]
[BlackID "16600240"]
[Black "Balbalosa Jeffrey"]
[Result "1-0"]
[LiveChessVersion "1.4.3"]
[BlackElo "1723"]
[WhiteElo "1904"]

1. c4 {[%clk 1:30:55]} d6 {[%clk 1:30:48]} 2. d4 {[%clk 1:30:24]} g6
{[%clk 1:30:42]} 3. e4 {[%clk 1:30:11]} Bg7 {[%clk 1:31:05]} 4. Nc3
{[%clk 1:29:13]} Nf6 {[%clk 1:30:14]} 5. Bd3 {[%clk 1:26:02]} Nbd7
{[%clk 1:25:33]} 6. Be3 {[%clk 1:23:30]} b6 {[%clk 1:25:36]} 7. f3
{[%clk 1:21:33]} Bb7 {[%clk 1:25:53]} 8. Qd2 {[%clk 1:17:42]} e5 {[%clk 1:22:56]}
9. d5 {[%clk 1:15:53]} a6 {[%clk 1:20:39]} 10. Nge2 {[%clk 1:14:16]} Rc8
{[%clk 1:17:23]} 11. h4 {[%clk 1:08:18]} Nc5 {[%clk 1:14:36]} 12. Bc2
{[%clk 1:07:28]} a5 {[%clk 1:04:04]} 13. O-O-O {[%clk 0:55:20]} Ba6
{[%clk 1:03:26]} 14. Nb5 {[%clk 0:50:58]} Ra8 {[%clk 0:59:39]} 15. b3
{[%clk 0:47:12]} Qd7 {[%clk 0:57:00]} 16. Nec3 {[%clk 0:42:25]} O-O
{[%clk 0:40:44]} 17. a4 {[%clk 0:34:20]} Rfc8 {[%clk 0:40:55]} 18. Bh6
{[%clk 0:30:11]} Nh5 {[%clk 0:35:54]} 19. Ne2 {[%clk 0:30:03]} Bxb5
{[%clk 0:32:45]} 20. cxb5 {[%clk 0:29:23]} Rf8 {[%clk 0:31:05]} 21. g4
{[%clk 0:27:07]} Nf6 {[%clk 0:31:25]} 22. h5 {[%clk 0:20:02]} Rac8
{[%clk 0:26:17]} 23. Ng3 {[%clk 0:17:18]} Kh8 {[%clk 0:24:01]} 24. Nf5
{[%clk 0:14:14]} gxf5 {[%clk 0:20:01]} 25. Bxg7+ {[%clk 0:14:04]} Kxg7
{[%clk 0:19:21]} 26. Qg5+ {[%clk 0:14:21]} Kh8 {[%clk 0:19:23]} 27. Qxf6+
{[%clk 0:14:37]} Kg8 {[%clk 0:19:46]} 28. gxf5 {[%clk 0:13:42]} 1-0